000 00287nam a2200133Ia 4500
005 20251222141852.0
008 251222s9999||||xx |||||||||||||| ||spa||
082 _a869.569/C86
100 _aCoyné, André
245 0 _aCesar Vallejo
250 _a2a.ed.
264 _bSEA
942 _cLIB
999 _c7762
_d7762